000 00505nam a22001937a 4500
003 OSt
005 20160425144501.0
008 160425b xxu||||| |||| 00| 0 eng d
020 _a1853462454
040 _cDDC.
082 _a372GAL 1995
100 _aGalton ,Maurice;
_98242
245 _aCrisis in the Primary classroom..
260 _aLondon.
_bDavid Fulton Publishers.
_c1995.
300 _a166p;
_bill;
_c24cm.
504 _aincludes references.
650 _aEducation.
_91404
942 _2ddc
_cSLOAN
999 _c3733
_d3733